000 00311nam a22001337a 4500
008 170929b xxu||||| |||| 00| 0 eng d
020 _a9780872070080
041 _aeng
080 _a37
100 _a47
101 _aEDU
245 _aDISCOVERING WHAT WORKS FOR STRUGGLING READERS
_cWIRT, B
942 _2udc
_cBK
999 _c30842
_d30842